Llengua : [cicle inicial] 1

Gespeichert in:
Bibliographische Detailangaben
1. Verfasser: Carrasco, Xavier
Weitere Verfasser: Beneyto, Ferran
Format: Buch
Sprache:Katalanisch
Erschienen: Barcelona : Enciclopèdia Catalana : Edicions 62, 1994
Katalog:MANES:  Suchergebnis im Bibliothekskatalog
Schulbuchspezifische Eigenschaften:
Schriftenreihe:Rodet
Tags: Tag hinzufügen
Keine Tags, Fügen Sie den ersten Tag hinzu!
Hinzugefügt zu:21.09.2003
Geändert in:20.05.2026

MARC

LEADER 00000nam a2200000 a 4500
001 .b3006163
003 ES-BaCBU
005 20260520184504.0
008 030922s1994 spca b|1 000 ||cat|c
017 |a DL B. 18792-1994 
020 |a 8477397295  |a 8477393346 (col·lecció) 
035 |a 8477397295  |9 ES-BaUB001  |a 0777-29260  |9 ES-BaUB035 
040 |a ES-BaUB  |b cat  |c ES-BaUB 
100 1 |a Carrasco, Xavier  |9 32460 
245 1 0 |a Llengua :  |b [cicle inicial] 1 /  |c Xavier Carrasco, Ferran Beneyto 
260 |a Barcelona :  |b Enciclopèdia Catalana :  |b Edicions 62,  |c 1994 
300 |a vol. (242 p.):  |b principalment il. col. 
505 8 |a Conté: Llibre de text 1 
546 |a España 
561 |5 es-CRAI  |3 p1 TX EP 3/1 TEX  |a España. Biblioteca Universitat de Barcelona  |k MANES 
690 0 |a LEN 
691 0 |a PRI 
700 1 |a Beneyto, Ferran  |9 32462 
830 0 |a Rodet  |9 32463 
942 |2 ddc  |c BK 
999 |c 89451  |d 89451 
999 |c manes:89451  |d 89451